00398 a2200121 4500001000900000005001700009008004100026245006500067100002400132700002700156773007600183999001700259ART_204020260410161722.0260409a 10aEl mercado de la información especializada en la Argentina1 aTesoro, José Luis1 aSaroka, Raúl Horacio0 tAdministración de empresasg- Año XIX, Nº 218 (may. 1988)wREV2036 c17082d17082